000 01291cab a2200253 4500
001 ABS59381
008 090401t1998 xxu||||| |||| 00| 0 eng d
035 _a(Sirsi) u88925
041 _aeng
245 _aStrachan and Henshaw Ltd v Stein Industrie (UK) Ltd and another
260 _c1998
350 _a0
490 _aConstruction Law Journal
_v[1998] 14 CLJ 370-379(10)
520 _aCA 9 December 1997. Appellants S and G entered into a subcontract with respondent H for construction works, incorporating the MF/1 General Conditions of Contract. S&G had to provide clocking station and cabins for their 150 workmen which they positioned close to the working area. H instructed them to resite these in a compound half a mile away, resulting in increased working time. S&G claimed £1.6m in this respect, raising the issues as to whether the instruction constituted a variation, and whether S&G`s claim was barred by condition 44.4 of MF/1. "Held" no variation occurred, and claim contract barred.
650 _aBREACH OF CONTRACT
650 _aDAMAGES
650 _aMF/1
650 _aSTRACHAN AND HENSHAW LTD V STEIN INDUSTRIE (UK) LTD AND ANOTHER
650 _aVARIATIONS
650 _aWALKING TIME
690 _aBUILT ENVIRONMENT
942 _n0
948 _c12/10/1998
999 _c56236
_d56236